| 000 | 00793nam a22001577a 4500 | ||
|---|---|---|---|
| 003 | OSt | ||
| 005 | 20150918113401.0 | ||
| 008 | 150918b xxu||||| |||| 00| 0 eng d | ||
| 040 | _cRUA | ||
| 082 | _aAGR PHI 2005 B031 Or.1 | ||
| 100 |
_9754 _aPHIN, SARITH. |
||
| 245 | _aEffect of irrigation on biological traits of camelina sativa crop station in the royal university of agriculture ឥទ្ធិពលនៃការស្រោចស្រពលើលក្ខណៈជីវសាស្ដ្រដំណាំកាមេលីណា សាទីវ៉ា ក្នុងស្ថានីយ៍ដំណាំនៃសាកលវិទ្យាល័យភូមិន្កសិកម្ម | ||
| 260 |
_aPhnom Penh _bRUA _c2005 |
||
| 300 |
_axiv; 51p. _bill. _c29cm. |
||
| 942 |
_2ddc _cAGR |
||
| 999 |
_c723 _d723 |
||